[Event "Druzynowe Mistrzostwa Polski Juniorow - II liga"]
[Site "Sypniewo k. Jastrowia"]
[Date "2023-06-17"]
[Round "4.44"]
[White "Spytek, Hubert"]
[Black "Krasniewski, Maciej"]
[Result "0-1"]
[WhiteTitle "II+"]
[BlackTitle "I"]
[WhiteElo "1440"]
[BlackElo "1696"]

1. d4 2. Nf6 3. c4 4. g6 5. Nc3 6. Bg7 7. e4 8. d6 9. Nf3 10. O-O 11. Be2 12. e5
13. d5 14. a5 15. Bg5 16. Qe8 17. Nd2 18. h6 19. Bh4 20. Na6 21. a3 22. Bd7 23.
b3 24. c6 25. O-O g5 26. Bg3 cxd5 27. Nxd5 Nxd5 28. cxd5 b5 29. f3 Qe7 30. Bf2
Rfc8 31. Bd3 Rab8 32. Qe2 Nc5 33. Bxc5 dxc5 34. a4 c4 35. bxc4 bxa4 36. Ra2 Rb4
37. Nb1 Bf8 38. Na3 Qe8 39. Kh1 Bc5 40. Nb5 Bxb5 41. cxb5 Bd4 42. Qd1 Rc3 43.
Bc2 a3 44. Ba4 Rb2 45. Qa1 Qc8 46. Rxb2 axb2 47. Qxb2 Qc4 48. Qb1 Qxa4 49. d6
Qb3 50. d7 Bb6 51. Qd1 Qxd1 52. Rxd1 Bd8 53. h3 Rb3 54. Rd5 f6 55. Rd6 Kf7 0-1

[Event "Druzynowe Mistrzostwa Polski Juniorow - II liga"]
[Site "Sypniewo k. Jastrowia"]
[Date "2023-06-17"]
[Round "4.45"]
[White "Rzap, Filip"]
[Black "Nowakowski, Maksymilian"]
[Result "1-0"]
[WhiteTitle "II+"]
[BlackTitle "I"]
[WhiteElo "1511"]
[BlackElo "1646"]

1. d4 2. Nf6 3. c4 4. e6 5. Nf3 6. Bb4+ 7. Bd2 8. Qe7 9. a3 10. Bxd2+ 11. Nbxd2
12. Nc6 13. g3 14. d6 15. Bg2 16. O-O 17. O-O 18. a5 19. Qc2 20. e5 21. d5 22.
Nb8 23. b4 24. Nbd7 25. e4 26. c5 27. bxa5 28. Rxa5 29. Rfb1 30. b6 31. Nh4 32.
g6 33. a4 34. Bb7 35. Nb3 36. Ra6 37. a5 38. Rfa8 39. Qc3 40. Qd8 41. Ra4 42.
Ne8 43. Rba1 44. Nc7 45. Bf1 46. Nf6 47. f3 48. Bc8 49. Ng2 50. Bd7 51. R4a2 52.
b5 53. cxb5 54. Bxb5 55. Ne3 56. Bxf1 57. Kxf1 58. R6a7 59. Nc4 60. Na6 61. Kg2
62. Nb4 63. Rf2 64. Rb8 65. Nbd2 66. Nh5 67. Kh1 68. g5 69. Rg1 70. Kf8 71. Rfg2
72. f6 73. f4 74. Rbb7 75. fxg5 76. fxg5 77. Qf3+ 78. Nf6 79. Qf5 80. Rg7 81.
Rf2 82. Rg6 83. Rgf1 84. Kg7 85. Qe6 86. Ra6 87. Rf5 88. Nc2 89. Nxe5 90. dxe5
91. Qxa6 92. Nd7 93. Qd3 94. Nd4 95. Nc4 96. Nxf5 97. exf5 98. Ra6 99. Qd2 100.
Qf6 101. d6 102. h6 103. Qd5 104. Qf7 105. Qe6 106. Qf6 107. Qxd7+ 1-0

[Event "Druzynowe Mistrzostwa Polski Juniorow - II liga"]
[Site "Sypniewo k. Jastrowia"]
[Date "2023-06-17"]
[Round "4.47"]
[White "Wasilowska, Anna"]
[Black "Gornisiewicz, Natalia"]
[Result "0-1"]
[WhiteTitle "III"]
[BlackTitle "I++"]
[WhiteElo "1252"]
[BlackElo "1533"]

1. e4 2. Nf6 3. Nc3 4. d5 5. exd5 6. Nxd5 7. Nxd5 8. Qxd5 9. Nf3 10. Bg4 11. Be2
12. Nc6 13. O-O 14. e5 15. c4 Qd7 16. d3 17. Bxf3 18. Bxf3 19. Nb4 20. Be2 O-O-O
21. Bg5 22. Be7 23. Bxe7 24. Qxe7 25. Qb3 26. Rd4 27. Rad1 28. Rhd8 29. a3 30.
Nc6 31. Qc3 32. R8d6 33. b4 Rh4 34. g3 Nd4 35. Rd2 Rdh6 36. f3 Rxh2 37. Bd1 38.
Rh1+ 39. Kf2 40. Qe6 41. g4 42. Rxf1+ 43. Kxf1 44. Rh1+ 45. Kg2 Qh6 46. Kf2 47.
Qh2+ 48. Ke3 Qf4+ 49. Kf2 Rh2+ 50. Ke1 Qg3+ 51. Kf1 Rh1# 0-1

[Event "Druzynowe Mistrzostwa Polski Juniorow - II liga"]
[Site "Sypniewo k. Jastrowia"]
[Date "2023-06-17"]
[Round "4.49"]
[White "Syrkiewicz, Michal"]
[Black "Ciupka, Kamil"]
[Result "1-0"]
[WhiteTitle "k"]
[BlackTitle "II"]
[WhiteElo "1945"]
[BlackElo "1619"]

1. e4 2. c6 3. c4 4. d5 5. exd5 6. cxd5 7. cxd5 8. Nf6 9. Nc3 10. g6 11. Bc4 12.
Bg7 13. Nf3 14. O-O 15. O-O 16. Nbd7 17. d3 18. a6 19. a4 20. Nb6 21. Qb3 22.
Qc7 23. Be3 24. Nxc4 25. dxc4 26. Bf5 27. Bb6 28. Qc8 29. Rfe1 30. Re8 31. Bd4
32. Nd7 33. Bxg7 34. Kxg7 35. Ne4 36. Kg8 37. Qc3 38. Rb8 39. Nd4 40. Bxe4 41.
Rxe4 42. Nb6 43. Ne2 44. Qc7 45. a5 46. Nd7 47. b4 48. Nf6 49. Rh4 50. Rbc8 51.
Rd1 52. Red8 53. Qe3 54. Qd7 55. Nc3 56. Ng4 57. Qe2 58. h5 59. h3 60. Nf6 61.
Rhd4 62. Qc7 63. Na4 64. Re8 65. Nb6 66. Rcd8 67. c5 68. Nd7 69. Nc4 70. Nf6 71.
Qf3 72. Kg7 73. d6 74. exd6 75. Nxd6 76. Re5 77. Qxb7 78. Qxb7 79. Nxb7 80. Re1+
81. Rxe1 82. Rxd4 83. Rc1 84. Rxb4 85. c6 86. Ne8 87. c7 88. Nxc7 89. Rxc7 90.
h4 91. Nd6 92. g5 93. Rxf7+ 94. Kg6 95. Ra7 1-0

[Event "Druzynowe Mistrzostwa Polski Juniorow - II liga"]
[Site "Sypniewo k. Jastrowia"]
[Date "2023-06-17"]
[Round "4.50"]
[White "Bochenek, Piotr"]
[Black "Olszewski, Antoni"]
[Result "1/2-1/2"]
[WhiteTitle "II"]
[BlackTitle "I"]
[WhiteElo "1294"]
[BlackElo "1767"]

1. d4 2. Nf6 3. c4 4. c5 5. d5 6. b5 7. cxb5 8. a6 9. e3 10. e6 11. Nc3 12. Bb7
13. a4 14. Nxd5 15. Nf3 16. Be7 17. Be2 18. Nxc3 19. bxc3 20. axb5 21. Bxb5 22.
Bf6 23. Bb2 24. Qa5 25. O-O 26. O-O 27. Qd6 28. Bxf3 29. gxf3 30. Bxc3 31. Bxc3
32. Qxc3 33. Rac1 34. Qf6 35. Rxc5 36. Qxf3 37. Rfc1 38. Nc6 39. Qxd7 40. Qg4+
41. Kf1 42. Rad8 43. Qxc6 44. Rd1+ 45. Rxd1 46. Qxd1+ 47. Kg2 48. Qg4+ 49. Kf1
Qd1+ 50. Kg2 Qg4+ 51. Kf1 Qd1+ 52. Kg2 Qg4+ 1/2-1/2

[Event "Druzynowe Mistrzostwa Polski Juniorow - II liga"]
[Site "Sypniewo k. Jastrowia"]
[Date "2023-06-17"]
[Round "4.51"]
[White "Chmielnicki, Michal"]
[Black "Smolinski, Wojciech"]
[Result "0-1"]
[WhiteTitle "II"]
[BlackTitle "II"]
[WhiteElo "1087"]
[BlackElo "1472"]

1. e4 2. c5 3. Nf3 4. a6 5. d4 6. cxd4 7. Nxd4 8. Nf6 9. Nc3 10. e5 11. Nf3 12.
Bb4 13. Bd3 14. d6 15. h3 16. h6 17. Bd2 18. Nc6 19. O-O 20. O-O 21. Re1 22. Be6
23. Ne2 24. Bxd2 25. Qxd2 26. Qc7 27. Ng3 28. Rfd8 29. Rad1 30. b5 31. Nh4 32.
d5 33. Qe2 34. Nd4 35. Qe3 36. dxe4 37. Nxe4 38. Nd5 39. Qg3 40. Qe7 41. c3 42.
Nc6 43. Nf3 44. Nf4 45. Bf1 46. Bc4 47. b3 48. Bxf1 49. Kxf1 50. Rxd1 51. Rxd1
52. Rd8 53. Re1 54. Rd3 55. Qg4 56. Rd8 57. Nh4 58. h5 59. Qg3 60. g6 61. Nf5
62. Qe6 63. Ne3 64. Kg7 65. Nc5 66. Qe8 67. Ne4 68. Ne7 69. h4 70. Qc6 71. Qf3
72. Ned5 73. Nxd5 74. Rxd5 75. Ng5 76. f6 77. Ne4 78. Rd3 79. Re3 80. Rxe3 81.
Qxe3 82. f5 83. Ng3 84. Qxg2+ 85. Ke1 86. Qd5 87. Kf1 88. Qd1+ 89. Qe1 90. Qd3+
91. Kg1 92. e4 93. c4 94. Qf3 95. Qa1+ 96. Kf7 97. Qf1 98. e3 99. fxe3 100. Qxg3+
101. Kh1 102. Qxh4+ 103. Kg1 104. Qg3+ 105. Kh1 106. Nh3 107. Qg2 108. Nf2+ 109.
Kg1 110. Qxg2+ 111. Kxg2 112. Ne4 0-1

[Event "Druzynowe Mistrzostwa Polski Juniorow - II liga"]
[Site "Sypniewo k. Jastrowia"]
[Date "2023-06-17"]
[Round "4.54"]
[White "Zylak, Emilia"]
[Black "Kalata, Julia"]
[Result "1/2-1/2"]
[WhiteTitle "II"]
[BlackTitle "I"]
[WhiteElo "1061"]
[BlackElo "1061"]

1. e4 2. c5 3. Nf3 4. Nc6 5. d4 6. cxd4 7. Nxd4 8. g6 9. Nc3 10. Bg7 11. Be3 12.
Nf6 13. Bc4 14. O-O 15. O-O 16. Nxe4 17. Nxe4 18. d5 19. Bb3 20. dxe4 21. c3 22.
Na5 23. h3 24. Nxb3 25. Qxb3 26. Kh8 27. Rad1 28. Bd7 29. Qxb7 30. Rb8 31. Qxa7
32. Qc8 33. Nb3 34. Bxh3 35. gxh3 36. Qxh3 37. Bf4 38. Qg4+ 39. Bg3 40. Be5 41.
Kh2 42. Qh4+ 43. Kg2 44. Qg4 45. Kh2 46. Qh4+ 47. Kg2 48. Qg4 49. Kh2 50. Qh4+
51. Kg2 1/2-1/2

[Event "Druzynowe Mistrzostwa Polski Juniorow - II liga"]
[Site "Sypniewo k. Jastrowia"]
[Date "2023-06-17"]
[Round "4.55"]
[White "Skrzypinski, Jan"]
[Black "Stanislawski, Karol"]
[Result "1-0"]
[WhiteTitle "I"]
[BlackTitle "I"]
[WhiteElo "1862"]
[BlackElo "1758"]

1. e4 2. e6 3. d4 4. d5 5. e5 6. c5 7. c3 8. Nc6 9. Nf3 10. Bd7 11. Bd3 12. cxd4
13. O-O 14. dxc3 15. Nxc3 16. Nge7 17. Bg5 18. Qb8 19. Re1 20. Ng6 21. Bxg6 22.
hxg6 23. Rc1 24. Be7 25. Bxe7 26. Nxe7 27. Ne2 28. O-O 29. Ned4 30. Nc6 31. Qd3
32. Qd8 33. h4 34. Rc8 35. Ne2 36. Nb4 37. Qb3 38. Qb6 39. h5 40. gxh5 41. Nf4
42. Rxc1 43. Rxc1 44. g6 45. a3 46. Nc6 47. Qd3 48. Kg7 49. Re1 50. Ne7 51. Nh4
52. Rh8 53. Qg3 54. Qd8 55. Re3 56. Bc6 57. Qg5 58. Kh7 59. Qf6 60. Nf5 61. Qxf7+
62. Ng7 63. Nxe6 1-0

[Event "Druzynowe Mistrzostwa Polski Juniorow - II liga"]
[Site "Sypniewo k. Jastrowia"]
[Date "2023-06-17"]
[Round "4.56"]
[White "Gorecki, Michal"]
[Black "Kaczmarek, Jan"]
[Result "0-1"]
[WhiteTitle "II+"]
[BlackTitle "II+"]
[WhiteElo "1509"]
[BlackElo "1574"]

1. e4 2. c5 3. Nf3 4. g6 5. d4 6. cxd4 7. Nxd4 8. Nc6 9. c4 10. Nf6 11. Nc3 d6
12. f3 13. Nxd4 14. Qxd4 15. Bg7 16. Be3 17. Be6 18. Rc1 19. O-O 20. Qd2 21. Qa5
22. Bd3 23. Rfc8 24. b3 25. a6 26. Ne2 27. Qxd2+ 28. Kxd2 29. Nd7 30. Nd4 31.
Nc5 32. Rc2 33. Bd7 34. Rhc1 35. f5 36. exf5 37. Bxd4 38. Bxd4 39. Nxd3 40. fxg6
41. Nxc1 42. gxh7+ 43. Kxh7 44. Rxc1 45. e5 46. Be3 47. b5 48. c5 49. dxc5 50.
Bxc5 51. b4 52. Bxb4 53. Rxc1 54. Kxc1 55. Rg8 56. g3 57. Bc6 58. Bc3 59. Re8
60. Kd2 61. Bxf3 62. Ke3 63. e4 64. a4 65. Rd8 66. Bd4 67. Rb8 68. a5 69. Rxb3+
70. Kf2 71. Ra3 72. Bb6 73. Ra2+ 74. Kg1 75. Rg2+ 76. Kf1 77. Rxh2 78. Kg1 79.
Rg2+ 80. Kf1 81. Rxg3 82. Bf2 83. Rg2 0-1

[Event "Druzynowe Mistrzostwa Polski Juniorow - II liga"]
[Site "Sypniewo k. Jastrowia"]
[Date "2023-06-17"]
[Round "4.57"]
[White "Stachowiak, Bruno"]
[Black "Szeszycki, Jan"]
[Result "1-0"]
[WhiteTitle "II"]
[BlackTitle "II"]
[WhiteElo "1591"]
[BlackElo "1218"]

1. e4 2. c5 3. c4 4. Nc6 5. Ne2 6. Nf6 7. Nbc3 8. e6 9. d4 10. cxd4 11. Nxd4 12.
Bb4 13. Nxc6 14. bxc6 15. Bd3 16. d5 17. cxd5 18. Bxc3+ 19. bxc3 20. cxd5 21.
exd5 22. Qxd5 23. Qf3 24. Qxf3 25. gxf3 26. Bd7 27. c4 28. O-O 29. Be3 30. Bc6
31. Ke2 32. Rfd8 33. Rhd1 34. Rd7 35. Bc2 36. Kf8 37. Rab1 38. Ke8 39. a4 40.
Ke7 41. Bc5+ 42. Ke8 43. a5 44. Rc7 45. Bd6 46. Rd7 47. Be5 48. Rc8 49. Rxd7 50.
Kxd7 51. Rb4 52. Ne8 53. Rb3 54. Ba8 55. Rb4 56. Bc6 57. a6 58. f6 59. Bd4 60.
h6 61. Bxa7 62. Ra8 63. Rb7+ 64. Nc7 65. Be4 66. Bxe4 67. fxe4 68. Kc8 69. Bb6
70. Rxa6 71. Rxc7+ 72. Kb8 73. Rc6 74. Kb7 75. Rxe6 76. Rxb6 77. Rxb6+ 78. Kxb6
79. Kd3 80. Kc5 81. Kc3 82. h5 83. Kd3 84. h4 85. Kc3 86. h3 87. f3 88. g5 89.
Kd3 90. Kd6 91. Kd4 92. Kc6 93. c5 94. Kd7 95. Kd5 96. Kc7 97. c6 98. Kc8 99.
Kd6 100. Kd8 101. Ke6 102. Kc7 103. Kxf6 104. Kxc6 105. Kxg5 106. Kd7 107. Kf6
1-0

[Event "Druzynowe Mistrzostwa Polski Juniorow - II liga"]
[Site "Sypniewo k. Jastrowia"]
[Date "2023-06-17"]
[Round "4.59"]
[White "Niemier, Martyna"]
[Black "Oszutowska, Anna"]
[Result "0-1"]
[WhiteTitle "I"]
[BlackTitle "I"]
[WhiteElo "1373"]
[BlackElo "1369"]

1. d4 2. Nf6 3. c4 4. d5 5. Nc3 6. g6 7. Nf3 8. Bg7 9. Bf4 10. O-O 11. e3 12. dxc4
13. Bxc4 14. Nbd7 15. O-O 16. c5 17. Bg3 18. cxd4 19. Nxd4 20. Nb6 21. Bb3 22.
Nfd5 23. Nxd5 24. Nxd5 25. Qe2 26. e5 27. Nf3 28. e4 29. Nd4 30. Bxd4 31. exd4
32. Re8 33. Be5 34. Nf6 35. f3 36. Nd7 37. Qxe4 38. Nxe5 39. dxe5 40. Qb6+ 41.
Rf2 42. Bf5 43. Qe2 44. Rad8 45. g4 46. Bd3 47. Qe1 48. Qd4 49. Rd1 50. Rxe5 51.
Qc3 52. Qxc3 53. bxc3 54. Re7 55. Ba4 56. Re5 57. c4 58. a6 59. Bc2 60. Re3 61.
Rfd2 62. Rxf3 63. Rxd3 64. Rdxd3 65. Rxd3 66. Rf4 67. h3 68. Rxc4 69. Bb3 70.
Rf4 71. Kg2 72. b5 73. Rd8+ 74. Kg7 75. Ra8 76. Rf6 77. Ra7 78. h6 79. a4 80.
bxa4 81. Bxa4 82. Rb6 83. Bd1 84. Kf6 85. h4 86. g5 87. h5 88. Ke6 89. Be2 90.
f5 91. Rxa6 92. Rxa6 93. Bxa6 94. f4 95. Kf3 96. Ke5 97. Bb7 98. Kd4 99. Ke2 100.
Kc3 101. Bf3 102. Kc2 103. Be4+ 104. Kc3 105. Bg6 106. Kd4 107. Kd2 108. Kc4 109.
Kc2 110. Kd4 111. Kd2 112. Kc4 113. Bf5 114. Kd4 115. Bd3 116. Ke5 117. Kc3 118.
f3 119. Kd2 120. Kf4 121. Bf5 122. Kg3 123. Ke1 124. Kg2 125. Be4 126. Kg3 127.
Bf5 128. Kg2 129. Be4 130. Kg3 131. Bf5 132. Kg2 133. Kd2 134. f2 135. Bd3 136.
f1=Q 137. Bxf1+ 138. Kxf1 139. Ke3 140. Kg2 141. Ke4 142. Kg3 143. Kf5 144. Kf3
145. Kg6 146. Kxg4 147. Kxh6 148. Kf5 149. Kg7 150. g4 151. h6 152. g3 153. h7
154. g2 155. h8=Q 156. g1=Q+ 157. Kf7 158. Qa7+ 159. Kf8 160. Qb8+ 161. Kg7 162.
Qc7+ 163. Kh6 164. Qd6+ 165. Kg7 166. Qe7+ 167. Kh6 168. Qg5+ 169. Kh7 170. Qg6#
0-1

[Event "Druzynowe Mistrzostwa Polski Juniorow - II liga"]
[Site "Sypniewo k. Jastrowia"]
[Date "2023-06-17"]
[Round "4.60"]
[White "Lukasik, Aleksandra"]
[Black "Kubacka, Patrycja"]
[Result "1-0"]
[WhiteTitle "I"]
[BlackTitle "II"]
[WhiteElo "1252"]
[BlackElo "1069"]

1. e4 2. e5 3. Nf3 4. Nf6 5. d4 6. exd4 7. e5 8. Ne4 9. Qxd4 10. d5 11. exd6 12.
Nxd6 13. Nc3 14. Qe7+ 15. Be2 16. Nc6 17. Qf4 18. Be6 19. Bd2 20. g6 21. O-O-O
22. Bg7 23. Bf1 24. h6 25. h4 26. O-O-O 27. Bd3 28. Nf5 29. Bxf5 30. gxf5 31.
Rhe1 32. Qf6 33. h5 34. Bxa2 35. Na4 36. b5 37. Bc3 38. Rxd1+ 39. Rxd1 40. Qe7
41. Bxg7 42. Rg8 43. Nc3 44. Bc4 45. Bxh6 46. Rxg2 47. Qxf5+ 48. Qe6 49. Qxe6+
50. fxe6 51. b3 52. Bd5 53. Nxd5 54. exd5 55. Rxd5 56. b4 57. Be3 58. Rg8 59.
h6 60. Rh8 61. Rh5 62. Kb7 63. h7 64. Nd8 65. Bd4 66. Rxh7 67. Rxh7 68. Ne6 69.
Re7 70. Nf4 71. Kd2 72. Kc6 73. Re4 74. Nh3 75. Rh4 76. Nxf2 77. Bxf2 78. a5 79.
Rh5 80. Kb7 81. Rxa5 82. c5 83. Ne5 84. Kb8 85. Bxc5 86. Kb7 87. Kd3 88. Kb8 89.
Kd4 90. Kb7 91. Kd5 92. Kb8 93. Kc6 94. Kc8 95. Ra8# 1-0

[Event "Druzynowe Mistrzostwa Polski Juniorow - II liga"]
[Site "Sypniewo k. Jastrowia"]
[Date "2023-06-17"]
[Round "4.61"]
[White "Kotula, Pawel"]
[Black "Mastej, Krzysztof"]
[Result "1/2-1/2"]
[WhiteTitle "I"]
[BlackTitle "II+"]
[WhiteElo "1798"]
[BlackElo "1502"]

1. d4 2. Nf6 3. Bg5 4. Ne4 5. Bf4 6. d5 7. e3 8. e6 9. Bd3 10. Bd6 11. Bg3 12.
b6 13. Nd2 14. Nxd2 15. Qxd2 16. Ba6 17. Nf3 18. Bxd3 19. Qxd3 20. c6 21. c3 22.
Qe7 23. e4 24. Bxg3 25. hxg3 26. h6 27. g4 28. Nd7 29. e5 30. O-O-O 31. a4 32.
f6 33. Qa6+ 34. Kb8 35. a5 36. Rc8 37. axb6 38. Nxb6 39. Nh4 40. Qb7 41. Qxb7+
42. Kxb7 43. Ng6 44. Rh7 45. Ke2 46. c5 47. Kd3 48. Nd7 49. Ra3 50. fxe5 51. dxe5
52. Nf8 53. Nxf8 54. Rxf8 55. f3 56. g5 57. Rha1 58. Kb8 59. Ra6 60. Re7 61. Rd6
62. Rb7 1/2-1/2

[Event "Druzynowe Mistrzostwa Polski Juniorow - II liga"]
[Site "Sypniewo k. Jastrowia"]
[Date "2023-06-17"]
[Round "4.62"]
[White "Oberc, Szymon"]
[Black "Jania, Kamil"]
[Result "1-0"]
[WhiteTitle "II+"]
[BlackTitle "II"]
[WhiteElo "1427"]
[BlackElo "1130"]

1. e4 2. c6 3. d4 4. d5 5. exd5 6. cxd5 7. Bd3 8. Nc6 9. c3 10. Nf6 11. Bf4 12.
Bg4 13. Nf3 14. Bxf3 15. Qxf3 16. Qb6 17. Qe2 18. e6 19. O-O 20. Be7 21. Re1 22.
O-O 23. Qc2 24. Rfc8 25. Qb3 26. Qxb3 27. axb3 28. a6 29. Nd2 30. Nh5 31. Bg3
32. Nxg3 33. hxg3 34. Nb8 35. Nf1 36. Nd7 37. Ne3 38. Bf6 39. Ng4 40. Be7 41.
Ne3 42. Bf6 43. f4 44. g6 45. Ra2 46. b5 47. Nc2 48. Rcb8 49. Rea1 50. Rb6 51.
Ra5 52. Rab8 53. Rxa6 54. Rxa6 55. Rxa6 56. Bg7 57. Ra5 58. b4 59. cxb4 60. Nb6
61. Rb5 62. Nd7 63. Rxb8+ 64. Nxb8 65. Bb5 66. Kf8 67. Kf2 68. Ke7 69. Ke3 70.
Kd6 71. Kd3 72. f6 73. Be8 74. e5 75. b5 76. e4+ 77. Kc3 78. Ke7 79. Bc6 80. Nxc6
81. bxc6 82. Kd6 83. Nb4 84. f5 85. Nxd5 86. Kxd5 87. c7 1-0

[Event "Druzynowe Mistrzostwa Polski Juniorow - II liga"]
[Site "Sypniewo k. Jastrowia"]
[Date "2023-06-17"]
[Round "4.63"]
[White "Feseniuk, Pavlo"]
[Black "Panasiuk, Stanislaw"]
[Result "1-0"]
[WhiteTitle "II"]
[BlackTitle "II"]
[WhiteElo "1350"]
[BlackElo "1200"]

1. e4 2. e5 3. Nf3 4. Nc6 5. Bb5 6. a6 7. Ba4 8. Nf6 9. O-O 10. Be7 11. Re1 12.
b5 13. Bb3 14. O-O 15. h3 16. d5 17. exd5 18. Nxd5 19. Nxe5 20. Nxe5 21. Rxe5
22. c6 23. d4 24. Be6 25. Nc3 26. Nxc3 27. bxc3 28. Bxb3 29. cxb3 30. c5 31. Be3
32. cxd4 33. Qxd4 34. Bf6 35. Qxd8 36. Rfxd8 37. Rc5 38. Rac8 39. Rc1 40. h6 41.
Rxc8 42. Rxc8 43. c4 44. Bb2 45. Rc2 46. Be5 47. c5 48. Rd8 49. g3 50. g5 51.
Rd2 52. Rxd2 53. Bxd2 54. Kf8 55. b4 56. Ke7 57. Kf1 58. Ke6 59. Ke2 60. f5 61.
f4 62. gxf4 63. Bxf4 64. Bc3 65. Bd2 66. Bg7 67. g4 68. Ke5 69. Bc3+ 70. Kf4 71.
Bxg7 72. fxg4 73. Bxh6+ 74. Kf5 75. hxg4+ 76. Ke6 77. g5 78. Kf5 79. c6 80. Ke6
81. g6 82. Kf6 83. c7 84. Kxg6 85. c8=Q 86. Kxh6 87. Qg8 88. Kh5 89. Kf3 90. a5
91. Kf4 92. Kh6 93. Kf5 94. a4 95. Qg6# 1-0

[Event "Druzynowe Mistrzostwa Polski Juniorow - II liga"]
[Site "Sypniewo k. Jastrowia"]
[Date "2023-06-17"]
[Round "4.64"]
[White "Wojtun, Maksymilian"]
[Black "Wasilewski, Mateusz"]
[Result "1-0"]
[WhiteTitle "II"]
[BlackTitle "II"]
[WhiteElo "1126"]
[BlackElo "1227"]

1. e4 2. c5 3. Nf3 4. e6 5. d4 6. cxd4 7. Nxd4 8. Nf6 9. Nc3 10. Nc6 11. Bg5 12.
Bb4 13. Nxc6 14. bxc6 15. e5 16. Qa5 17. Qd4 18. Nd5 19. Bd2 20. Nxc3 21. Bxc3
22. Bxc3+ 23. Qxc3 24. Qxc3+ 25. bxc3 26. Rb8 27. Bc4 28. Ke7 29. Kd2 30. f6 31.
f4 32. Rf8 33. Rhf1 34. Rb6 35. Rad1 36. Ba6 37. Bxa6 38. Rxa6 39. exf6+ 40. Rxf6
41. Ra1 42. Rf5 43. Kc1 44. Rc5 45. Rf3 46. d5 47. Re3 48. Kd6 49. g3 50. g6 51.
a3 52. Rc4 53. Kb2 54. Ke7 55. Rae1 56. c5 57. Re5 58. Kf6 59. R5e3 60. h6 61.
h3 62. Rca4 63. Ra1 64. R4a5 65. Kb3 66. c4+ 67. Kb2 68. Rb5+ 69. Kc1 70. Rab6
71. Re2 72. Rb2 73. Re3 74. Rb7 75. Re1 76. R2b6 77. Re3 78. Re7 79. Re5 80. a6
81. Kd2 82. a5 83. h4 84. h5 85. Kc1 86. Rf7 87. Rb1 88. Rxb1+ 89. Kxb1 90. Ke7
91. Kc1 92. Rf5 93. Kd2 94. Kf6 95. Re3 96. e5 97. Rf3 98. a4 99. Ke3 100. Ke6
101. Ke2 102. e4 103. Rf2 104. Kd6 105. Ke3 106. Kc5 107. Rf1 108. Rf6 109. Rb1
110. Rb6 111. Rxb6 112. Kxb6 113. g4 114. hxg4 115. f5 116. g3 117. fxg6 118.
d4+ 119. cxd4 120. g2 121. Kf2 122. g1=R 123. Kxg1 124. e3 125. g7 1-0

[Event "Druzynowe Mistrzostwa Polski Juniorow - II liga"]
[Site "Sypniewo k. Jastrowia"]
[Date "2023-06-17"]
[Round "4.65"]
[White "Kieca, Aleksandra"]
[Black "Niedorys, Karolina"]
[Result "1-0"]
[WhiteTitle "I++"]
[BlackTitle "I+"]
[WhiteElo "1521"]
[BlackElo "1519"]

1. c4 2. e5 3. e3 4. Nf6 5. a3 6. d5 7. cxd5 8. Nxd5 9. Qc2 10. Nc6 11. b4 12.
Bd6 13. Nf3 14. O-O 15. Be2 16. Kh8 17. Bb2 18. Qe7 19. b5 20. Nd8 21. Nc3 Nxc3
22. Qxc3 23. f6 24. O-O 25. e4 26. Nd4 27. f5 28. g3 29. f4 30. exf4 31. Bh3 32.
Rfe1 33. Rf6 34. Bf3 35. Bxf4 36. Rxe4 37. Be5 38. Qe3 39. Nf7 40. Nc6 41. bxc6
42. Bxe5 43. Rxf3 44. Bxg7+ 45. Kxg7 46. Rxe7 47. Rxe3 48. dxe3 49. cxb5 50. Rxc7
51. a6 52. f4 53. Re8 54. Re1 55. Re4 56. Kf2 57. Ra4 58. g4 59. Bxg4 60. Rg1
61. h5 62. h3 63. Rxa3 64. hxg4 65. hxg4 66. Rxg4+ 67. Kf6 68. Rc6+ 69. Ke7 70.
Rgg6 71. Ra2+ 72. Kf3 73. a5 74. Rc7+ 1-0

[Event "Druzynowe Mistrzostwa Polski Juniorow - II liga"]
[Site "Sypniewo k. Jastrowia"]
[Date "2023-06-17"]
[Round "4.67"]
[White "Kordowski, Karol"]
[Black "Pulit, Kacper"]
[Result "0-1"]
[WhiteTitle "II"]
[BlackTitle "II"]
[WhiteElo "1351"]
[BlackElo "1332"]

1. e4 2. c5 3. c3 4. d6 5. d4 6. cxd4 7. cxd4 8. Nc6 9. Nf3 10. Bg4 11. Bc4 12.
e6 13. Be3 14. Nf6 15. Nc3 16. Be7 17. O-O 18. O-O 19. Rc1 20. Rc8 21. Bb3 22.
a6 23. Re1 24. b5 25. a3 26. h6 27. Bc2 28. e5 29. Bb1 30. exd4 31. Bxd4 32. Nxd4
33. Qxd4 34. Bxf3 35. gxf3 36. Nh5 37. Rcd1 38. Bh4 39. Kh1 40. Qd7 41. Ne2 42.
Rfd8 43. Rg1 44. Rc4 45. Qe3 46. Qh3 47. Rg4 48. Bg5 49. Qd3 50. Nf6 51. Rg3 52.
Qh5 53. b3 54. Rc5 55. b4 56. Rc7 57. Nd4 58. Bf4 59. Rg2 60. Rdc8 61. Ne2 62.
Be5 63. Rdg1 64. Nd7 65. f4 66. Bf6 67. Rg3 68. Qh4 69. Qf3 70. Rc3 71. Nxc3 72.
Rxc3 73. Qd1 74. Qxf4 75. Rxc3 76. Bxc3 77. Qe2 78. Be5 79. f3 80. Nb6 81. Bc2
82. Nc4 83. a4 84. Ne3 85. Bd3 86. d5 87. axb5 88. axb5 89. exd5 90. Nxd5 91.
Be4 92. Nc3 93. Qc2 94. f5 95. Qg2 96. fxe4 97. fxe4 98. Nxe4 99. Rf1 100. Qh4
101. Qa2+ 102. Kh7 103. Qc2 104. Bxh2 105. Kg2 106. Be5 107. Kf3 108. Qf4+ 109.
Ke2 110. Qh2+ 111. Kd3 112. Qh3+ 113. Kxe4 114. Qxf1 115. Kxe5+ 116. Kg8 117.
Qa2+ 118. Qf7 119. Qa8+ 120. Kh7 121. Qe4+ 122. Qg6 123. Qa8 124. Qg3+ 125. Ke6
126. Qg6+ 127. Kd7 128. h5 129. Qd5 130. h4 131. Qxb5 132. h3 133. Qf1 134. h2
135. Qh3+ 136. Qh6 137. Qf5+ 138. g6 139. Qc5 140. h1=Q 141. b5 142. Qg7+ 143.
Ke6 144. Qe4+ 0-1

[Event "Druzynowe Mistrzostwa Polski Juniorow - II liga"]
[Site "Sypniewo k. Jastrowia"]
[Date "2023-06-17"]
[Round "4.68"]
[White "Penar, Marcin"]
[Black "Zimny, Karol"]
[Result "1/2-1/2"]
[WhiteTitle "II"]
[BlackTitle "II"]
[WhiteElo "1280"]
[BlackElo "1403"]

1. d4 2. Nf6 3. c4 4. e6 5. Nc3 6. Bb4 7. Bd2 8. O-O 9. e3 10. d5 11. cxd5 12.
exd5 13. Bd3 14. c5 15. Nf3 16. Nc6 17. O-O 18. Bg4 19. dxc5 20. Bxc5 21. Na4
22. Bd6 23. Bc3 24. Be5 25. Be2 26. Bxf3 27. Bxf3 28. Qd6 29. Bxe5 30. Qxe5 31.
Re1 32. Rfd8 33. Nc3 34. Ne4 35. Bxe4 36. dxe4 37. Qb3 38. Na5 39. Qb4 40. f5
41. Red1 42. b6 43. Qa4 44. Nb7 45. Rxd8+ 46. Nxd8 47. Rd1 48. Ne6 49. Rd5 50.
Qf6 51. Rd6 52. Nc5 53. Qc4+ 54. Qf7 55. Qd4 56. Rf8 57. g3 58. Ne6 59. Qc4 60.
Nc5 1/2-1/2